| 000 | 00416nam a22001217a 4500 | ||
|---|---|---|---|
| 082 | _aTHE 200 | ||
| 100 |
_aMUHAMMAD NADEEM AZAM _972644 |
||
| 245 | _aTH-SOF-0974-DEVELOPMENT OF RERFORMANCE EVALUATION TECHNIQUES FOR MEDIUM VACUUM PUMPS USING NUMERICAL AND EXPERIMENTAL METHODS | ||
| 260 |
_aNUST COLLEGE OF EME _bISLAMABAD _c2001 |
||
| 650 | _a MS-MECH-64 MSTHESIS | ||
| 700 |
_aDR IMRAN AKHTAR _911136 |
||
| 942 | _cCF | ||
| 999 |
_c578642 _d578642 |
||